Sportifs Russes - Mort Subite - Statistiques

Statistiques générales
  • Ce quiz a été pris 140 fois
  • Le résultat moyen est 4 sur 22
Answers on the Grid
Answers color-coded by a green-red scale on the quiz's grid according to % correct below.
Nikita Mazepin
Alexander Zverev
Leon Sabua
Vitaly Petrov
Serhiy Semenov
Maxim Sheiko
Daniil Kvyat
Oleh Verniaïev
Makar Yurchenko
Budu Zivzivadze
Daniil Medvedev
Evgeny Garanichev
Alexey Kolessov
Konstantin Kravchuk
Radik Zhaparov
Andrey Rublev
Mikhail Aleshin
Dmitri Rybtchinski
Guennadi Prigoda
Sergey Sirotkin
Andrey Mizourov
Viktor Shaytar
Taras Khtey
Toma Popov
Vladimir Samsonov
Igor Bezdenejnykh
Kirill Tarassov
Stanislav Donets
Aleksandr Khyutte
Dmitriy Yaroshenko
Nikolai Novosjolov
Eduard Tjukin
Andrejs Rastorgujevs
Juri Vips
Alexander Loginov
Igor Netto
 
Statistiques - réponses
Réponse % Correct
Daniil Medvedev
61%
Andrey Rublev
55%
Nikita Mazepin
50%
Daniil Kvyat
40%
Vitaly Petrov
32%
Evgeny Garanichev
25%
Alexander Loginov
24%
Sergey Sirotkin
17%
Dmitriy Yaroshenko
11%
Igor Bezdenejnykh
8%
Leon Sabua
8%
Dmitri Rybtchinski
6%
Mikhail Aleshin
6%
Maxim Sheiko
5%
Viktor Shaytar
5%
Eduard Tjukin
4%
Konstantin Kravchuk
4%
Stanislav Donets
4%
Guennadi Prigoda
1%
Aleksandr Khyutte
0%
Igor Netto
0%
Taras Khtey
0%
Aucun quiz correspondant
Distribution des résultats
% des personnes avec chaque résultat
Percentile par nombre de réponses
Votre historique - résultats
Vous n’avez pas pris ce quiz